| 000 | 01440nam a2200229Ia 4500 | ||
|---|---|---|---|
| 003 | Ost | ||
| 005 | 20260507075101.0 | ||
| 008 | 260507s9999||||xx |||||||||||||| ||und|| | ||
| 020 | _a9775433312 | ||
| 040 | _cfsecg | ||
| 041 | _aara | ||
| 082 | _a331.89 | ||
| 100 |
_aادريس، ثابت عبد الرحمان _eمؤلف |
||
| 245 | 0 |
_aالتفاوض : _bمهارات واستراتيجيات / _c ثابت عبد الرحمان ادريس |
|
| 260 |
_aالاسكندرية: _bالدار الجامعية, _c2001 |
||
| 300 |
_a499 صفحة؛ _c24 سم |
||
| 504 | _aبيبليوغرافيا: ص.497 | ||
| 520 | _aمفهوم وأبعاد عملية التفاوض،المفاهيم الأساسية للتفاوض،الأبعاد الديناميكية للتفاوض،القوة والتأثير،إدارة التفاوض،الإعداد والتخطيط،الإستراتيجيات والتكتيكات التفاوضية،الأبعاد التنظيمية،التنفيذ والتقييم-الجوانب السلوكية للتفاوض،نماذج السلوك الانساني وأنماط شخصية المفاوضين،التنمية الذاتية للمفاوض الفعال | ||
| 653 | _aالإدارة | ||
| 653 | _aالتفاوض | ||
| 942 | _cكتاب | ||
| 999 |
_c42791 _d42791 |
||